| 000 | 00796cab a2200181 4500 | ||
|---|---|---|---|
| 001 | WB2515-30 | ||
| 008 | 090401t1989 xxu||||| |||| 00| 0 eng d | ||
| 035 | _a(Sirsi) u10933 | ||
| 041 | _aeng | ||
| 245 | _aSmith v Bush | ||
| 260 | _c1989 | ||
| 350 | _a0 | ||
| 490 |
_aTranscript _vof HL Judgment 20 April 1989, (37) £5.00 |
||
| 520 | _aTranscript of HL decision in Smith v Eric S Bush and Harris v Wyre Forest DC two appeals which considered the question of alleged negligence on the part of surveyors who carried out mortgage valuations and the extent of the duty of care owed to the purchasers of the properties. Neither valuation report identified defects which subsequently arose. | ||
| 690 | _aMANAGEMENT-BUSINESS MANAGEMENT-PROFESSIONAL PRACTICE | ||
| 942 | _n0 | ||
| 948 | _c04/03/1997 | ||
| 999 |
_c6965 _d6965 |
||